000
00187nam a2200085 4500
001
1255066
005
20251203100907.0
245
_a
OLMAK CESARETİ
_c
KEMAL SAYAR
260
_b
TİMAŞ YAYINLARI
999
_c
1255066
_d
1255066